Encyclopaedic dictionary of inorganic chemistry (Record no. 61159)
[ view plain ]
| 000 -LEADER | |
|---|---|
| fixed length control field | 00677nam a22001457a 4500 |
| 008 - FIXED-LENGTH DATA ELEMENTS--GENERAL INFORMATION | |
| fixed length control field | 141020b xxu||||| |||| 00| 0 eng d |
| 020 ## - INTERNATIONAL STANDARD BOOK NUMBER | |
| International Standard Book Number | 8182741556 |
| 082 ## - DEWEY DECIMAL CLASSIFICATION NUMBER | |
| Classification number | 546.003 JAC |
| 100 ## - MAIN ENTRY--PERSONAL NAME | |
| 9 (RLIN) | 692 |
| Personal name | Jack David |
| 245 ## - TITLE STATEMENT | |
| Title | Encyclopaedic dictionary of inorganic chemistry |
| Statement of responsibility, etc. | David Jack |
| 260 ## - PUBLICATION, DISTRIBUTION, ETC. | |
| Place of publication, distribution, etc. | New Delhi : |
| Name of publisher, distributor, etc. | Pentagon Press, |
| Date of publication, distribution, etc. | c.2004. |
| 300 ## - PHYSICAL DESCRIPTION | |
| Extent | 208 p. : |
| Other physical details | ill. ; |
| Dimensions | 23 cm. |
| 500 ## - GENERAL NOTE | |
| General note | https://www.worldcat.org/title/encyclopaedic-dictionary-of-inorganic-chemistry/oclc/835531844&referer=brief_results http://www.amazon.com/Encyclopaedic-Dictionaries-Inorganic-Chemistry/dp/8182741556/ref=sr_1_1?s=books&ie=UTF8&qid=1413785244&sr=1-1&keywords=8182741556 |
| 942 ## - ADDED ENTRY ELEMENTS (KOHA) | |
| Source of classification or shelving scheme | |
| Koha item type | Book |
| Withdrawn status | Lost status | Source of classification or shelving scheme | Damaged status | Not for loan | Permanent Location | Current Location | Shelving location | Date acquired | Source of acquisition | Cost, normal purchase price | Total Checkouts | Full call number | Barcode | Date last seen | Cost, replacement price | Price effective from | Koha item type |
|---|---|---|---|---|---|---|---|---|---|---|---|---|---|---|---|---|---|
| Pakistan Navy Engineering College (PNEC) | Pakistan Navy Engineering College (PNEC) | Reference | 06/17/2005 | Vangaurd Books | 620.00 | 546.003 JAC | PNECLIB-026838 | 10/20/2014 | 620.00 | 06/17/2005 | Book |
